|
|
|
|
| LEADER |
01322nam a22002537a 4500 |
| 001 |
41012 |
| 003 |
BD-DhAAL |
| 008 |
230327t2021 bg a|||| b|||f00| 0 eng d |
| 020 |
|
|
|a 9789843516589
|
| 040 |
|
|
|a BD-DhAAL
|c BD-DhAAL
|
| 082 |
|
|
|a 338.95492
|2 23
|
| 245 |
|
|
|a Bangladesh at 50 :
|b realization of dreams through humane and patriotic leadership /
|c Ministry of Finance & Ministry of Planning, Government of the People's Republic of Bangladesh.
|
| 260 |
|
|
|a Dhaka :
|b Ministry of Finance & Ministry of Planning, Government of the People's Republic of Bangladesh,
|c 2021.
|
| 300 |
|
|
|a xxi, 270 pages :
|b illustrations ;
|c 24 cm.
|
| 541 |
|
|
|a Complimentary copy from Ministry of Finance & Ministry of Planning
|e 41012
|
| 650 |
|
|
|a Economic development
|z Bangladesh.
|
| 650 |
|
|
|a Economics.
|
| 651 |
|
|
|a Bangladesh
|x Social conditions.
|
| 651 |
|
|
|a Bangladesh
|x Politics and government.
|
| 710 |
|
|
|a Government of the People's Republic of Bangladesh,
|b Ministry of Finance & Ministry of Planning
|9 53943
|
| 852 |
|
|
|a Ayesha Abed Library
|c General Stacks
|
| 942 |
|
|
|2 ddc
|c BK
|
| 999 |
|
|
|c 45636
|d 45636
|
| 952 |
|
|
|0 0
|1 0
|2 ddc
|4 0
|6 338_954920000000000_BAN
|7 0
|9 73470
|a BRACUL
|b BRACUL
|c GEN
|d 2023-03-27
|e Complimentary copy from Ministry of Finance & Ministry of Planning
|l 1
|o 338.95492 BAN
|p 3010041012
|r 2024-03-31
|s 2024-03-24
|t 1
|w 2023-03-27
|y BK
|